[Event "Nordic Grand Prix"]
[Site "Torshavn"]
[Date "1997.??.??"]
[Round "5"]
[White "Westerinen, Heikki MJ"]
[Black "Hansen, Sune Berg"]
[Result "0-1"]
[WhiteElo "2425"]
[BlackElo "2505"]

1.e4 c5 2.c3 Nf6 3.e5 Nd5 4.d4 cxd4 5.Nf3 e6 6.cxd4 b6 7.Nc3 Nxc3 8.bxc3 Qc7
9.Bd2 Bb7 10.Bd3 d6 11.O-O Nd7 12.Ng5 dxe5 13.Qh5 g6 14.Qh3 Be7 15.Rae1 Bd5
16.c4 Bxc4 17.Qf3 O-O 18.Nxf7 exd4 19.Bf4 Qc8 20.Rc1 b5 21.Nh6+ Kg7 22.Qg3 Qc5
23.Ng4 Rxf4 24.Qxf4 Bg5 25.Qe4 Bxc1 26.Bxc4 Re8 27.Bxe6 Bg5 28.f4 Nf6 29.Qf3 Rxe6
30.fxg5 Nxg4 31.Qxg4 d3+ 32.Kh1 Qf2 33.Rg1 Kf7 34.Qh3 d2 35.Qxh7+ Ke8  0-1

[Event "Nordic Grand Prix"]
[Site "Torshavn"]
[Date "1997.??.??"]
[Round "7"]
[White "Brynell, Stellan"]
[Black "Kristensen, Bjarke"]
[Result "1-0"]
[WhiteElo "2445"]
[BlackElo "2415"]

1.e4 c5 2.c3 Nf6 3.e5 Nd5 4.d4 cxd4 5.Nf3 e6 6.cxd4 b6 7.Nc3 Nxc3 8.bxc3 Qc7
9.Bd2 Bb7 10.Bd3 d6 11.O-O Nd7 12.Ng5 dxe5 13.Qh5 g6 14.Qh3 Bg7 15.Rae1 Bd5
16.f4 exd4 17.c4 Bxc4 18.Bxc4 Qxc4 19.f5 Nc5 20.Nxf7 Kxf7 21.fxe6+ Kg8 22.Qf3 Rf8
23.e7 Rxf3 24.Rxf3 h5 25.e8=Q+ Kh7 26.Qe7 Nd3 27.Rf7 Rg8 28.Re6 Qc5 29.Rxg6 Kxg6
30.Qe6+ Kh7 31.Qh6+  1-0

[Event "Nordic Grand Prix"]
[Site "Torshavn"]
[Date "1997.??.??"]
[Round "8"]
[White "Brynell, Stellan"]
[Black "Schandorff, Lars"]
[Result "1-0"]
[WhiteElo "2445"]
[BlackElo "2510"]

1.e4 c5 2.c3 Nf6 3.e5 Nd5 4.d4 cxd4 5.Nf3 e6 6.cxd4 b6 7.Bd3 Bb4+ 8.Bd2 Bxd2+
9.Nfxd2 Ba6 10.Ne4 O-O 11.Nbc3 Nxc3 12.bxc3 Bxd3 13.Qxd3 Nc6 14.O-O f6 15.exf6 gxf6
16.f4 d5 17.Ng3 Qd7 18.Nh5 Qf7 19.Qh3 Kh8 20.Rae1 f5 21.Qh4 Na5 22.Rf3 Rg8
23.Nf6 Rg6 24.Rxe6 Rf8 25.Rh3 h6 26.Qxh6+ Rxh6 27.Rxh6+ Kg7 28.Nh5+ Kg8 29.Reg6+ Qxg6
30.Rxg6+ Kh7 31.Rd6 Rc8 32.Nf6+  1-0

[Event "Jarleslaget op"]
[Site "Trondheim"]
[Date "1997.??.??"]
[Round "3"]
[White "Westerinen, Heikki MJ"]
[Black "Ivanov, Mikhail M"]
[Result "0-1"]
[WhiteElo "2410"]
[BlackElo "2445"]

1.e4 c5 2.c3 Nf6 3.e5 Nd5 4.d4 cxd4 5.Nf3 e6 6.cxd4 d6 7.a3 Nc6 8.Bd3 Be7
9.O-O Bd7 10.Re1 Rc8 11.exd6 Bxd6 12.Nc3 Nce7 13.Ne4 Bb8 14.Ne5 Ng6 15.Bg5 f6
16.Nxd7 Qxd7 17.Bd2 Ndf4 18.Nc5 Rxc5 19.Bxg6+ hxg6 20.dxc5 Nxg2 21.Kxg2 Qd5+
22.Kf1 Qd3+ 23.Re2 Rxh2 24.Qa4+ Kf8 25.Qg4 f5  0-1

[Event "Jarleslaget op"]
[Site "Trondheim"]
[Date "1997.??.??"]
[Round "5"]
[White "Westerinen, Heikki MJ"]
[Black "Kristensen, Bjarke"]
[Result "1-0"]
[WhiteElo "2410"]
[BlackElo "2430"]

1.e4 c5 2.c3 Nf6 3.e5 Nd5 4.d4 cxd4 5.Nf3 e6 6.cxd4 b6 7.Nc3 Nxc3 8.bxc3 Qc7
9.Bd2 Bb7 10.Bd3 d6 11.O-O Nd7 12.Ng5 dxe5 13.Qh5 g6 14.Qh3 Be7 15.Rae1 Bd5
16.c4 Bxc4 17.Qf3 O-O 18.Nxf7 Bxd3 19.Nh6+ Kh8 20.Qxd3 Rad8 21.Ng4 Qd6 22.Bh6 Rf5
23.Qc4 exd4 24.Rxe6 Qc5 25.Qe2 Bf8 26.Rc1 Qd5 27.Rc7 Qb5 28.Qd1 Nc5 29.Re1 Qc4
30.Bxf8 Rdxf8 31.Ree7 R5f7 32.Rxf7 Rxf7 33.Ne5 Rxc7 34.Nxc4 Ne6 35.Qe2 Rc6
36.Qe5+ Kg8 37.Qd5  1-0

[Event "ROM-chT"]
[Site "Tusnad"]
[Date "1997.??.??"]
[Round "?"]
[White "Sasu Ducsoara, Andrea"]
[Black "Vasiesiu, Cristina"]
[Result "1-0"]
[WhiteElo "2195"]
[BlackElo "2145"]

1.e4 c5 2.c3 Nf6 3.e5 Nd5 4.d4 cxd4 5.Nf3 e6 6.cxd4 d6 7.Bc4 Bd7 8.O-O Bc6
9.Qe2 Be7 10.Nc3 Nxc3 11.bxc3 O-O 12.Re1 Nd7 13.exd6 Bxd6 14.Bd3 Qc7 15.g3 Rac8
16.Bd2 Bd5 17.Ng5 Nf6 18.a4 Bc4 19.Ne4 Nxe4 20.Qxe4 Bxd3 21.Qxd3 Qc4 22.Qxc4 Rxc4
23.a5 Bc7 24.Reb1 b6 25.axb6 Bxb6 26.Kf1 Rfc8 27.Ke2 Kf8 28.Rb5 Ke7 29.Kd3 Kd7
30.Ra3 R8c6 31.Rab3 f6 32.f3 Ra4 33.R5b4 Ra1 34.Rb1 Rxb1 35.Rxb1 Rd6 36.f4 Kc6
37.Be3 Rd5 38.c4 Ra5 39.Rb3 Ra2 40.h3 Rg2 41.f5 exf5 42.d5+ Kd7 43.c5 Bc7
44.d6 Bxd6 45.cxd6 Rxg3 46.Kd4 Rxh3 47.Kd5 f4 48.Rb7+ Ke8 49.Kc6  1-0

[Event "JUG Cup (Women)"]
[Site "Ulcinj"]
[Date "1997.??.??"]
[Round "?"]
[White "Bosnic, Ljiljana"]
[Black "Bojkovic, Natasa"]
[Result "0-1"]
[WhiteElo "2045"]
[BlackElo "2405"]

1.e4 c5 2.c3 Nf6 3.d3 Nc6 4.Nf3 g6 5.Be2 Bg7 6.O-O d6 7.h3 O-O 8.Be3 b5 9.Nbd2 b4
10.d4 cxd4 11.cxd4 e6 12.Rc1 Bb7 13.Qa4 Qa5 14.Bb5 Qxa4 15.Bxa4 Rfc8 16.Bf4 Bf8
17.Rfd1 Na5 18.e5 Nd5 19.Bg3 dxe5 20.Nxe5 Nb6 21.Bb5 Bh6 22.Rxc8+ Rxc8 23.Ng4 Bg7
24.Bd6 Nd5 25.Nf3 Rc2 26.Rb1 Nc4 27.Bc5 Rxb2 28.Rxb2 Nxb2 29.Bxa7 Nc3 30.Bf1 Nxa2
31.Nd2 Nc1 32.Ne5 Bh6 33.Ndc4 Nxc4 34.Nxc4 b3 35.Bc5 Bf8 36.Bxf8 Kxf8 37.Nb2 Bd5
38.Bb5 Na2 39.Kf1 Nb4 40.Ke2 Nc2 41.Kd3 Bxg2 42.Kc3 Bxh3 43.Bc4 Na1 44.Nd1 Bg2
45.Ne3 Be4 46.Ng4 h5 47.Kb2 Nc2 48.Kc3 hxg4 49.Bb5  0-1

[Event "JUG Cup"]
[Site "Ulcinj"]
[Date "1997.??.??"]
[Round "?"]
[White "Vujicic, Mirko"]
[Black "Lekic, Dusan"]
[Result "1/2-1/2"]
[WhiteElo "2365"]
[BlackElo "2385"]

1.e4 c5 2.c3 Nf6 3.e5 Nd5 4.d4 cxd4 5.Nf3 e6 6.cxd4 b6 7.Nc3 Nxc3 8.bxc3 Qc7
9.Bd2 d6 10.Bd3 Nd7 11.O-O dxe5 12.Nxe5 Nxe5 13.dxe5 Bb7 14.Re1 O-O-O 15.Be4 Qd7
16.Bxb7+ Kxb7 17.Qf3+ Qd5 18.Qxf7+ Rd7 19.Qh5 g6 20.Qg4 Bc5 21.Bg5 Rf8 22.Bf6 Rff7
23.a4 a5 24.Rab1 Qc6 25.Red1 Rxd1+ 26.Rxd1 Rd7 27.h3 Rxd1+ 28.Qxd1 b5 29.Qb3 Qb6
30.Bh4 b4 31.cxb4 axb4 32.Kh2 Qc6 33.Qc4 Qd5 34.Qb5+ Ka7 35.Qa5+ Kb7 36.Qb5+  1/2-1/2

[Event "JUG Cup"]
[Site "Ulcinj"]
[Date "1997.??.??"]
[Round "?"]
[White "Vujicic, Mirko"]
[Black "Djukanovic, Sreten"]
[Result "1/2-1/2"]
[WhiteElo "2365"]
[BlackElo "2265"]

1.e4 c5 2.c3 Nf6 3.e5 Nd5 4.d4 cxd4 5.Nf3 Nc6 6.cxd4 d6 7.Bc4 Nb6 8.Bb5 dxe5
9.Nxe5 Bd7 10.Bxc6 Bxc6 11.Nxc6 bxc6 12.Nc3 g6 13.Qf3 Nd5 14.O-O Bg7 15.Be3 O-O
16.Rac1 Qa5 17.a3 Nxe3 18.fxe3 Rab8 19.Rf2 e5 20.d5 cxd5 21.Nxd5 e4 22.Nf6+ Bxf6
23.Qxf6 Rb3 24.Qd4 Qb6 25.Qxb6 axb6 26.Rc6 Rd8 27.Rfc2 Rd1+ 28.Kf2 Rb1 29.Kg3 R1xb2
30.Kf4 Rxc2 31.Rxc2 Rxa3 32.Rb2 f5 33.Rxb6 Kg7 34.h4 Ra2 35.Kg3 Ra3 36.Kf4 Ra2
37.Kg3 Re2 38.Rb7+ Kh6 39.Rb3 Kh5 40.Rb7 h6 41.Rb3 Rc2 42.Rb1 Re2 43.Rb3 Re1
44.Ra3 Rh1 45.Ra6 Rxh4 46.Rxg6 Kxg6 47.Kxh4 Kf6 48.g4 fxg4 49.Kxg4 Ke5 50.Kh5 Kf5
51.Kh4 Ke6 52.Kh5 Kf5  1/2-1/2

[Event "JUG Cup (Women)"]
[Site "Ulcinj"]
[Date "1997.??.??"]
[Round "?"]
[White "Maric, Mirjana"]
[Black "Dragasevic Georgieva, Antonina"]
[Result "1-0"]
[WhiteElo "2305"]
[BlackElo "2160"]

1.e4 c5 2.c3 Nf6 3.e5 Nd5 4.Bc4 Qc7 5.Nf3 e6 6.O-O Nb6 7.Bb3 d6 8.d4 dxe5
9.dxe5 Bd7 10.Bf4 Be7 11.Nbd2 Bc6 12.Qe2 N8d7 13.Ne4 Bxe4 14.Qxe4 c4 15.Bc2 Nc5
16.Qe2 Rd8 17.Nd4 a6 18.a4 g5 19.Bg3 h5 20.h3 h4 21.Bh2 a5 22.f4 gxf4 23.Rxf4 Nd5
24.Rf3 Nd3 25.Bxd3 cxd3 26.Qxd3 Bc5 27.Kh1 Bxd4 28.Qxd4 Rd7 29.Qg4 Ne7 30.Qg7 Ng6
31.Raf1 Re7 32.Rf6 Rf8 33.Rxg6 f5 34.Rxe6 Rf7 35.Qg8+ Rf8 36.Qg6+ Kd8 37.Rxe7 Qxe7
38.Qd6+  1-0

[Event "JUG Cup"]
[Site "Ulcinj"]
[Date "1997.??.??"]
[Round "?"]
[White "Filipovic, Branko"]
[Black "Tesic, Dragan"]
[Result "1/2-1/2"]
[WhiteElo "2425"]
[BlackElo "2355"]

1.e4 c5 2.c3 Nf6 3.e5 Nd5 4.Nf3 Nc6 5.d4 cxd4 6.Bc4 Nb6 7.Bb3 d5 8.exd6 Qxd6
9.Na3 a6 10.O-O e6 11.Nxd4 Nxd4 12.cxd4 Be7 13.Qf3 O-O 14.Rd1 Qb8 15.Nc2 Bd7
16.Ne3 Bc6 17.Qh3 Qd8 18.Bc2 g6 19.Ng4 Rc8 20.Bb3 Bd5 21.Bh6 Re8 22.Ne5 Bg5
23.Rd3 Rc7 24.Re1 Bxb3 25.Rxb3 Nd5 26.Rf3 Bxh6 27.Qxh6 f6 28.Nd3 b6 29.h3 Qd6
30.Re4 Ree7 31.Rg4 Rg7 32.Re4 Rc2 33.h4 Rcc7 34.a3 Rcd7 35.Qd2 Rgf7 36.h5 g5
37.h6 a5 38.Rg3  1/2-1/2

[Event "Viareggio op"]
[Site "Viareggio"]
[Date "1997.??.??"]
[Round "?"]
[White "Ferretti, Folco"]
[Black "Barlov, Dragan"]
[Result "0-1"]
[WhiteElo "2255"]
[BlackElo "2455"]

1.e4 c5 2.c3 Nf6 3.e5 Nd5 4.Nf3 e6 5.d4 cxd4 6.cxd4 d6 7.Bc4 Nb6 8.Bd3 Be7
9.O-O Bd7 10.Nc3 Bc6 11.Bf4 Nd5 12.Nxd5 Bxd5 13.exd6 Bxd6 14.Ne5 O-O 15.Qh5 f5
16.Rfe1 Bxe5 17.Bxe5 Nc6 18.Qe2 Rc8 19.b3 Nxe5 20.Qxe5 Qc7 21.Qxc7 Rxc7 22.Rac1 Rfc8
23.Rxc7 Rxc7 24.f3 Rc3 25.Bb1 a5 26.Kf2 a4 27.bxa4 Ra3 28.Re2 Rxa4 29.Ke3 Kf7
30.Rb2 g5 31.Rc2 h5 32.Rc3 Rb4 33.Bc2 Bxa2 34.g4 hxg4 35.fxg4 f4+ 36.Kd3 Bd5
37.Rc7+ Kf6 38.Kc3 Rb6 39.Ba4 Rb1 40.Rh7 b5 41.Bc2 b4+ 42.Kd2 Rb2 43.Rh6+ Kg7  0-1

[Event "Clarin GP op"]
[Site "Villa Martelli"]
[Date "1997.??.??"]
[Round "2"]
[White "Hoffman, Alejandro"]
[Black "Juarez, Carlos Eleodoro"]
[Result "1-0"]
[WhiteElo "2465"]
[BlackElo "2250"]

1.e4 c5 2.c3 Nf6 3.e5 Nd5 4.d4 cxd4 5.Nf3 Nc6 6.cxd4 d6 7.Bc4 dxe5 8.Bxd5 Qxd5
9.Nc3 Qd8 10.d5 Nb8 11.Nxe5 e6 12.Qa4+ Bd7 13.Nxd7 Nxd7 14.dxe6 fxe6 15.O-O a6
16.Rd1 Qc8 17.Bg5 Be7 18.Bxe7 Kxe7 19.Rac1 b5 20.Qb3 Ke8 21.Nxb5  1-0

[Event "Villalba op"]
[Site "Villalba"]
[Date "1997.??.??"]
[Round "3"]
[White "Martin, F."]
[Black "Komljenovic, Davor"]
[Result "0-1"]
[WhiteElo "2125"]
[BlackElo "2445"]

1.e4 c5 2.c3 Nf6 3.e5 Nd5 4.d4 cxd4 5.cxd4 d6 6.Nf3 e6 7.Bd3 Nc6 8.a3 g6
9.O-O Bg7 10.Re1 O-O 11.b4 b6 12.Bb2 Bb7 13.Nbd2 dxe5 14.dxe5 Ndxb4 15.Be4 Nd3
16.Bxd3 Qxd3 17.Ne4 Rfd8 18.Nf6+ Bxf6 19.exf6 Rac8 20.Qa4 Qf5 21.Rac1 g5
22.h3 h6 23.Re3 b5 24.Qb3 Na5 25.Qb4 Nc4 26.Rec3 a5 27.Qe7 Bxf3 28.Rxf3 Qd5  0-1

[Event "CHI-ch"]
[Site "Vina del Mar"]
[Date "1997.??.??"]
[Round "15"]
[White "Rosa, Fernando"]
[Black "Frey, Hugo"]
[Result "1/2-1/2"]
[WhiteElo "2175"]
[BlackElo "2235"]

1.e4 c5 2.c3 Nf6 3.e5 Nd5 4.d4 cxd4 5.Nf3 e6 6.Qxd4 Nc6 7.Qe4 Qc7 8.Bd3 Nde7
9.Bf4 Ng6 10.Bg3 d6 11.exd6 Bxd6 12.Na3 Bf4 13.Nb5 Qb8 14.O-O a6 15.Nbd4 Nxd4
16.Qxd4 O-O 17.Bxg6 fxg6 18.Rad1 b5 19.Ne5 Bxe5 20.Bxe5 Qa7 21.Qd6 Qf7 22.Rd4 Ra7
23.Rf4 Qe8 24.Rxf8+ Qxf8 25.Qb6 Rf7 26.Rd1 Qe7 27.Rd8+ Rf8 28.Rxf8+ Qxf8
29.Qc7 h5 30.h4 Kh7 31.f4 a5 32.b3 Kg8 33.c4 bxc4 34.bxc4 Ba6 35.a4 Qf7 36.Qc6 Bb7
37.Qd6 Qe8 38.Qc7 Qf7 39.Qd8+ Kh7 40.c5 Bc6 41.Qxa5 Qd7 42.Bd6 Bxa4 43.Kf2 Bc6
44.Qb6 Qb7 45.Qxb7 Bxb7 46.Ke3 Bxg2 47.Kd4 Kg8 48.Kc4 Bc6 49.Kb4 Kf7 50.Ka5 Ke8
51.Kb6 Kd7 52.Bf8 g5 53.fxg5 g6  1/2-1/2

[Event "Volgograd"]
[Site "Volgograd"]
[Date "1997.??.??"]
[Round "3"]
[White "Veresagin, Jurij"]
[Black "Saltaev, Mihail"]
[Result "1/2-1/2"]
[WhiteElo "2405"]
[BlackElo "2495"]

1.e4 c5 2.c3 Nf6 3.e5 Nd5 4.d4 cxd4 5.Nf3 Nc6 6.Bc4 Nb6 7.Bb3 d5 8.exd6 Qxd6
9.O-O Be6 10.Bxe6 Qxe6 11.Nxd4 Nxd4 12.Qxd4 Rd8 13.Qh4 h5 14.Nd2 Qg4 15.Qg3 Qxg3  1/2-1/2

[Event "Volgograd"]
[Site "Volgograd"]
[Date "1997.??.??"]
[Round "12"]
[White "Rogovskoy, Alexander"]
[Black "Malisauskas, Vidmantas"]
[Result "1/2-1/2"]
[WhiteElo "2405"]
[BlackElo "2530"]

1.e4 c5 2.c3 Nf6 3.e5 Nd5 4.d4 cxd4 5.Nf3 Nc6 6.Bc4 e6 7.cxd4 d6 8.O-O Nb6
9.Bb3 dxe5 10.dxe5 Qxd1 11.Rxd1  1/2-1/2

[Event "Warsaw-ch"]
[Site "Warsaw"]
[Date "1997.??.??"]
[Round "5"]
[White "Wronicz, Stefan"]
[Black "Bugajski, Robert"]
[Result "0-1"]
[WhiteElo "2150"]
[BlackElo "2330"]

1.e4 c5 2.c3 Nf6 3.e5 Nd5 4.d4 cxd4 5.cxd4 Nc6 6.Nc3 e6 7.Nxd5 exd5 8.Nf3 d6
9.Be2 Be7 10.O-O O-O 11.Bf4 dxe5 12.Nxe5 Qb6 13.Nxc6 bxc6 14.b3 Re8 15.Bf3 Ba6
16.Re1 Ba3 17.Rxe8+ Rxe8 18.Be3 Bb5 19.g3 a5 20.Qc2 Qa7 21.Rd1 a4 22.Bc1 axb3
23.axb3 Bb4 24.Bb2 g6 25.Bc3 Bf8 26.h4 h5 27.Ra1 Qd7 28.Kg2 Bg7 29.Qd2 Qf5
30.Bb4 Kh7 31.Bc5 Bh6 32.Qd1 Bd3 33.Ra2 Kg8 34.g4 hxg4 35.Bxg4 Be4+ 36.Kg1 Qf6
37.f3 Qxh4 38.Rh2 Be3+ 39.Kh1 Qxg4 40.Rg2 Qh3+ 41.Rh2 Bxf3+  0-1

[Event "Wuerzburg op"]
[Site "Wuerzburg"]
[Date "1997.??.??"]
[Round "7"]
[White "Werner, Veronika"]
[Black "Chandler, Patrick"]
[Result "1/2-1/2"]
[WhiteElo "2180"]
[BlackElo "2165"]

1.e4 c5 2.c3 Nf6 3.e5 Nd5 4.d4 e6 5.Nf3 b6 6.Bd3 cxd4 7.cxd4 Ba6 8.Bxa6 Nxa6
9.O-O Be7 10.Nc3 Nac7 11.Qd3 Nxc3 12.bxc3 d5 13.exd6 Qxd6 14.c4 O-O 15.a4 Rfc8
16.Be3 Bf6  1/2-1/2

[Event "Zadar op"]
[Site "Zadar"]
[Date "1997.??.??"]
[Round "2"]
[White "Jovanic, Ognjen"]
[Black "Delchev, Aleksander"]
[Result "0-1"]
[WhiteElo "2260"]
[BlackElo "2525"]

1.e4 c5 2.c3 Nf6 3.e5 Nd5 4.Nf3 Nc6 5.d4 cxd4 6.cxd4 d6 7.Bc4 e6 8.O-O Be7
9.Qe2 O-O 10.Qe4 Qc7 11.Bd3 f5 12.exf6 Nxf6 13.Qe2 d5 14.Nc3 a6 15.Bg5 Ng4
16.g3 Bd6 17.Rad1 Qf7 18.h3 Qxf3 19.Qxf3 Rxf3 20.hxg4 Nxd4 21.Kg2 Rf8 22.Bxh7+ Kxh7
23.Rxd4 Bd7 24.Rd2 Rac8 25.Be3 Rc4 26.f3 Bc6 27.a3 Bc7 28.Rd3 Be5 29.Bd2 d4
30.Ne4 Rc2 31.Ng5+ Kg8 32.Rf2 Rxb2 33.Nxe6 Bb5 34.Nxf8 Bxd3 35.Ne6 Bc4 36.Nf4 d3
37.Bb4 Rc2 38.a4 Bd4  0-1

[Event "Zillertal op"]
[Site "Zillertal"]
[Date "1997.??.??"]
[Round "7"]
[White "Fleischmann, Albert"]
[Black "Kondrak, Christoph"]
[Result "0-1"]
[WhiteElo "1930"]
[BlackElo "2010"]

1.e4 c5 2.c3 Nf6 3.e5 Nd5 4.Nf3 Nc6 5.d4 cxd4 6.cxd4 e6 7.a3 d6 8.exd6 Bxd6
9.Be2 O-O 10.O-O b6 11.Nc3 Be7 12.Nxd5 Qxd5 13.Be3 Bb7 14.Rc1 Rfd8 15.b4 Bf6
16.Bc4 Qd6 17.Qe2 Nxd4 18.Bxd4 Bxd4 19.Rfd1 Qf4 20.Nxd4 Rxd4 21.Rxd4 Qxd4
22.Rd1 Qe4 23.Qxe4 Bxe4 24.Rd7 g5 25.f3 Bg6 26.Ba6 Kf8 27.Bb7 Re8 28.Bc6 Re7
29.Rd8+ Kg7 30.Kf2 e5 31.g4 e4 32.Bxe4 Bxe4 33.fxe4 Rxe4 34.Kf3 Rc4 35.Rd3 Kg6
36.Kg3 f6 37.Rf3 a5 38.bxa5 bxa5 39.h3 a4 40.Re3 h5 41.gxh5+ Kxh5 42.Rf3 Kg6
43.Rd3 Kf5 44.Kf2 Rc2+ 45.Ke1 Rh2 46.Rd4 Rxh3 47.Rxa4 Rh2 48.Kf1 g4 49.Kg1 Ra2  0-1

[Event "Zillertal op"]
[Site "Zillertal"]
[Date "1997.??.??"]
[Round "8"]
[White "Sermek, Drazen"]
[Black "Kondrak, Christoph"]
[Result "1-0"]
[WhiteElo "2575"]
[BlackElo "2010"]

1.e4 c5 2.c3 Nf6 3.e5 Nd5 4.Nf3 Nc6 5.d4 cxd4 6.cxd4 d6 7.Bc4 e6 8.O-O Be7
9.Qe2 O-O 10.Qe4 Ndb4 11.exd6 Qxd6 12.Bf4 Qd7 13.Nc3 f5 14.Qe2 Nxd4 15.Nxd4 Qxd4
16.g3 Qf6 17.Rad1 g5 18.Be5 Qg6 19.Rfe1 f4 20.Bd6 Bxd6 21.Rxd6 Nc6 22.Qd2 Kg7
23.Nd5 Qf5 24.Nc7 fxg3 25.hxg3 Qc5 26.Bxe6 Kh8 27.Rd5 Qb4 28.Nxa8  1-0

[Event "CZE-ch"]
[Site "Zlin"]
[Date "1997.??.??"]
[Round "2"]
[White "Blatny, Pavel"]
[Black "Cvek, Robert"]
[Result "1-0"]
[WhiteElo "2540"]
[BlackElo "2340"]

1.e4 c5 2.c3 Nf6 3.e5 Nd5 4.d4 cxd4 5.Nf3 d6 6.cxd4 Nc6 7.Bc4 e6 8.Qe2 Nb6
9.Bb3 Bd7 10.Nc3 dxe5 11.dxe5 Nb4 12.O-O Bc6 13.Rd1 N4d5 14.Ne4 Be7 15.Bg5 O-O
16.Bc2 h6 17.Bd2 Qc7 18.Rac1 Rfd8 19.Ng3 Bf8 20.Nd4 Nd7 21.Re1 Ne7 22.Bc3 Rac8
23.Nh5 Bd5 24.Nb5 Qb8 25.Qg4 Rc4 26.Qg3 Nf5 27.Bxf5 exf5 28.Nd4 Nc5 29.Nxf5 Qc8
30.Nhxg7 Kh7 31.e6 Nxe6 32.Nh5 Bd6 33.Rxe6  1-0

[Event "Computerij op"]
[Site "Zwolle"]
[Date "1997.??.??"]
[Round "4"]
[White "Jonkman, Harmen"]
[Black "Donk, Merlijn Silvester"]
[Result "1-0"]
[WhiteElo "2320"]
[BlackElo "2325"]

1.e4 c5 2.c3 Nf6 3.e5 Nd5 4.Nf3 e6 5.d4 cxd4 6.cxd4 d6 7.a3 Nc6 8.Bd3 Qc7
9.O-O Bd7 10.Re1 Be7 11.b4 h6 12.Qe2 Rc8 13.Qe4 a5 14.b5 Na7 15.a4 Qxc1 16.Rxc1 Rxc1+
17.Bf1 O-O 18.Nfd2 dxe5 19.Nb3 Rd1 20.Qe2 Rxd4 21.Nxa5 Rc8 22.Nb3 Rb4 23.N1d2 e4
24.Na5 Rc2 25.Qd1 Rbb2 26.Nxe4 f5 27.Nc4 fxe4 28.Nxb2 Rxb2 29.Qd4 Rc2 30.Qxa7 Bc5
31.Qxb7 Bxf2+ 32.Kh1 Bc8 33.Qb8 Bd4 34.Rd1 e5 35.a5 Ne3 36.Re1 Nxf1 37.Rxf1 e3
38.b6 e2 39.Re1 Kh7 40.b7 Bg4 41.Qf8  1-0

[Event "Hastings Premier 9798"]
[Site "Hastings"]
[Date "1998.01.02"]
[Round "4"]
[White "Rozentalis, Eduardas"]
[Black "Sadler, Matthew"]
[Result "0-1"]
[WhiteElo "2645"]
[BlackElo "2665"]

1.e4 c5 2.c3 Nf6 3.e5 Nd5 4.d4 cxd4 5.cxd4 d6 6.Bc4 Nb6 7.Bb5+ Nc6 8.Nc3 dxe5
9.d5 a6 10.Ba4 Nxa4 11.Qxa4 b5 12.Nxb5 Bd7 13.Nc3 Nd4 14.Qd1 Bf5 15.Kf1 g6
16.Nge2 Bg7 17.Ng3 Bc2 18.Qd2 e4 19.Ngxe4 Bxe4 20.Nxe4 Qxd5 21.Qd3 O-O 22.h4 Rfd8
23.Rh3 Rac8 24.Nc3 Qe6 25.Rb1 Nb5 26.Qc2 Bxc3 27.bxc3 Rxc3  0-1

[Event "Zagreb op"]
[Site "Zagreb"]
[Date "1998.01.07"]
[Round "5"]
[White "Kliska, Predrag"]
[Black "Keglevic, Pavao"]
[Result "1/2-1/2"]
[WhiteElo "2115"]
[BlackElo "2260"]

1.e4 c5 2.c3 Nf6 3.e5 Nd5 4.d4 cxd4 5.cxd4 e6 6.a3 d6 7.Nf3 Nc6 8.Bd3 h6
9.O-O g6 10.Qe2 Bg7 11.Bd2 Qb6 12.Nc3 Nxd4 13.Nxd4 Qxd4 14.Bb5+ Kd8  1/2-1/2

[Event "Zagreb op"]
[Site "Zagreb"]
[Date "1998.01.07"]
[Round "5"]
[White "Kapic, Ibrahim"]
[Black "Kutuzovic, Branko"]
[Result "0-1"]
[WhiteElo "2275"]
[BlackElo "2425"]

1.e4 c5 2.c3 Nf6 3.e5 Nd5 4.g3 Qc7 5.Nf3 Nc6 6.Qe2 g5 7.h3 Bg7 8.Bg2 Nb6
9.O-O Nxe5 10.Nxg5 c4 11.b3 d5 12.bxc4 dxc4 13.f4 h6 14.Ne4 Nd3 15.Ba3 O-O
16.Qh5 f5 17.Nf2 Nxf2 18.Rxf2 Be6 19.Qe2 Rf6 20.Qe3 Rc8 21.Bb4 Nd5 22.Bxd5 Bxd5
23.Qxa7 Rg6 24.Kh2 Ra6 25.Qe3 Re6 26.Qa7 Re1 27.g4 e5 28.Qa3 exf4 29.Rg2 f3+
30.Bd6 fxg2  0-1

[Event "AUT-chT3 9798"]
[Site "Vorarlberg "]
[Date "1998.01.09"]
[Round "6"]
[White "Wohlfart, Hubert"]
[Black "Walter, Gerhard"]
[Result "1-0"]
[WhiteElo "2195"]
[BlackElo "2185"]

1.e4 c5 2.c3 Nf6 3.e5 Nd5 4.d4 cxd4 5.Nf3 Nc6 6.Bc4 Nb6 7.Bb3 d6 8.exd6 Qxd6
9.O-O Be6 10.Bxe6 Qxe6 11.Nxd4 Nxd4 12.cxd4 Qd7 13.Nc3 e6 14.Re1 Nd5 15.Nxd5 Qxd5
16.Re5 Qd7 17.d5 Bd6 18.dxe6 fxe6 19.Re1 O-O 20.Be3 b6 21.Qg4 Rae8 22.Rad1 Qc7
23.h3 Rf6 24.Rd3 Rg6 25.Qe4 Qe7 26.Red1 Bc5 27.Rd7 Qf6 28.Bxc5 bxc5 29.R1d2 a5
30.Qc6 Qf5 31.Rd8 Rf8 32.Rxf8+ Kxf8 33.Rd8+ Kf7 34.Qc7+  1-0

[Event "Zagreb op"]
[Site "Zagreb"]
[Date "1998.01.10"]
[Round "8"]
[White "Lazovic, Gordan"]
[Black "Jovanovic, Zoran2"]
[Result "1/2-1/2"]
[WhiteElo "2305"]
[BlackElo "2190"]

1.e4 c5 2.c3 Nf6 3.e5 Nd5 4.d4 cxd4 5.Nf3 e6 6.cxd4 b6 7.Nc3 Nxc3 8.bxc3 Qc7
9.Bd2 Be7 10.Bd3 Ba6 11.Bxa6 Nxa6 12.O-O O-O 13.Qe2 Qb7 14.Bg5 f6 15.exf6 Bxf6
16.Bxf6 Rxf6 17.Ne5 Nb8 18.Rfe1 Nc6 19.Qe4 Rc8 20.Re3 Qc7 21.Rh3 h6 22.Ng4 Rf5
23.d5 Nd8 24.dxe6 dxe6 25.Rd1 Qc6 26.Qb4 Nf7 27.Rhd3 Rc5 28.Rd7 Rc7 29.Rxc7 Qxc7
30.Qa4 Rxc3 31.Qe8+ Kh7 32.Qxe6 Rc1 33.Qe4+ Kg8 34.Qe8+ Kh7 35.Qe4+ Kg8  1/2-1/2

[Event "Melbourne Black Opal"]
[Site "Melbourne"]
[Date "1998.01.20"]
[Round "9"]
[White "Rogers, Ian"]
[Black "Canfell, Gregory"]
[Result "1-0"]
[WhiteElo "2570"]
[BlackElo "2255"]

1.e4 c5 2.c3 Nf6 3.e5 Nd5 4.d4 cxd4 5.Qxd4 e6 6.Nf3 Nc6 7.Qe4 f5 8.Qe2 b6
9.g3 Bb7 10.Bg2 Be7 11.O-O O-O 12.Rd1 Qe8 13.c4 Nc7 14.Nc3 Rd8 15.Bf4 h6
16.h4 Qh5 17.a3 Ba8 18.b4 a6 19.Be3 Ne8 20.b5 axb5 21.cxb5 Nb8 22.Nd4 Qxe2
23.Ndxe2 Bxg2 24.Kxg2 Bc5 25.Bxc5 bxc5 26.Na4 d6 27.Nxc5 Kf7 28.Nf4 Nc7 29.exd6  1-0

[Event "Anibal op 5th"]
[Site "Linares"]
[Date "1998.01.21"]
[Round "2"]
[White "Kunte, Abhijit"]
[Black "Epishin, Vladimir"]
[Result "0-1"]
[WhiteElo "2460"]
[BlackElo "2590"]

1.e4 c5 2.c3 Nf6 3.e5 Nd5 4.Bc4 Nb6 5.Bd3 c4 6.Bc2 Nc6 7.Nf3 Qc7 8.Qe2 g5
9.Nxg5 Qxe5 10.d4 cxd3 11.Bxd3 Qxe2+ 12.Bxe2 Bg7 13.O-O O-O 14.Na3 d6 15.f4 Bd7
16.Nc4 Na4 17.Ne3 h6 18.Nf3 f5 19.Bc4+ Kh7 20.Bb3 b5 21.Nh4 e6 22.Rd1 d5
23.Nf3 Be8 24.Nd4 Nxd4 25.cxd4 Nb6 26.Kf2 Rc8 27.a3 Rf7 28.Rd3 Nc4 29.Nd1 Rfc7
30.Be3 a5 31.a4 b4 32.h3 Bf6 33.Rb1 Kg7 34.g3 Bh5 35.Bc1 Nd6 36.Bd2 Ne4+
37.Kg2 Be2 38.Re3 Nxd2  0-1

[Event "RUS-Cup02"]
[Site "Moscow"]
[Date "1998.01.21"]
[Round "1"]
[White "Potkin, Alexey V"]
[Black "Dvoirys, Semen I"]
[Result "0-1"]
[WhiteElo "2335"]
[BlackElo "2585"]

1.e4 c5 2.c3 Nf6 3.e5 Nd5 4.d4 cxd4 5.Nf3 Nc6 6.cxd4 d6 7.Bc4 Nb6 8.Bb5 e6
9.O-O Bd7 10.Nc3 d5 11.Bg5 Be7 12.Bxe7 Qxe7 13.Rc1 O-O 14.Re1 Rac8 15.Bd3 f6
16.exf6 Rxf6 17.Bb5 Rcf8 18.Bxc6 bxc6 19.Ne2 Rxf3 20.gxf3 Rxf3 21.Rc3 Rf8
22.Rg3 Nc4 23.b3 Nd6 24.Rg2 Nf5 25.Qd3 Nh4 26.Rg3 e5 27.dxe5 Qxe5 28.Rf1 Qh5
29.f3 Nf5 30.Rg2 Qh6 31.Rff2 Re8 32.f4 Qd6 33.Qc3 d4 34.Qc4+ Be6 35.Qd3 Qd7
36.Ng3 Ne3 37.Ne4 Nxg2 38.Rxg2 Kh8 39.Qg3 Bf5 40.Nc5 Qf7 41.h4 h6 42.Kh2 Re3
43.Qf2 Qd5 44.b4 Rf3 45.Qe2 Rxf4 46.Qe8+ Kh7 47.Qe7 Bg4 48.Nd3 Re4 49.Qxa7 Qh5
50.Kg1 Qxh4  0-1

[Event "Europe vs Americas"]
[Site "Mermaid Beach"]
[Date "1998.01.26"]
[Round "1"]
[White "Peptan, Corina"]
[Black "Ashley, Maurice"]
[Result "0-1"]
[WhiteElo "2410"]
[BlackElo "2500"]

1.e4 c5 2.c3 Nf6 3.e5 Nd5 4.d4 cxd4 5.Nf3 e6 6.cxd4 b6 7.Nc3 Nxc3 8.bxc3 Qc7
9.Bd2 d6 10.Bd3 Nd7 11.O-O dxe5 12.Nxe5 Nxe5 13.dxe5 Bc5 14.Qg4 Bb7 15.Bb5+ Bc6
16.Bxc6+ Qxc6 17.Rad1 O-O-O 18.Bg5 Rxd1 19.Rxd1 Kb8 20.Bh4 Rc8 21.Bg3 g6
22.Qf4 Rc7 23.h4 h5 24.Qd2 Be7 25.Qf4 Bc5 26.Qd2 Kb7 27.Qd3 Be7 28.c4 Kb8
29.Rc1 Rd7 30.Qe3 Bc5 31.Qe2 Rd4 32.Kh2 Qd7 33.Rc2 Rd1 34.Bf4 Qd3 35.Qxd3 Rxd3
36.g3 Kb7 37.Kg2 Kc6 38.Kf1 Rf3 39.Bg5 a6 40.Kg2 Ra3 41.Kf1 Bd4 42.Be7 Ra5
43.f4 Bc5 44.Bd8 Ra3 45.Kg2 Rd3 46.Bf6 a5 47.Bg5 Bb4 48.Kf2 Kc5 49.Be7+ Kd4
50.Bxb4 axb4 51.Kg2 Rc3 52.Rd2+ Kxc4 53.Kh3 Ra3 54.Rc2+ Kd3 55.Rc6 b5 56.Rb6 Rxa2
57.Rxb5 Kc4 58.Rb7 Ra5 59.Rxf7 b3 60.Rc7+ Rc5  0-1

[Event "Belgrade-Moscow"]
[Site "Belgrade"]
[Date "1998.01.29"]
[Round "2"]
[White "Smagin, Sergey"]
[Black "Ilincic, Zlatko"]
[Result "0-1"]
[WhiteElo "2575"]
[BlackElo "2565"]

1.e4 c5 2.c3 Nf6 3.e5 Nd5 4.d4 cxd4 5.Nf3 Nc6 6.Bc4 Nb6 7.Bb3 d6 8.exd6 Qxd6
9.O-O Be6 10.Bxe6 Qxe6 11.Nxd4 Qd7 12.Nb5 a6 13.Qxd7+ Kxd7 14.Rd1+ Kc8 15.N5a3 e6
16.Be3 Kc7 17.Bxb6+ Kxb6 18.b4 Be7 19.Nc4+ Kc7 20.a4 Rhd8 21.Nbd2 b5 22.Na3 bxa4
23.Nac4 Rd3 24.Rxa4 Rad8 25.Rxa6 Rxc3 26.Rb1 Bxb4 27.Rb6 Rc2 28.Rxc6+ Kxc6
29.Rxb4 Rc1+ 30.Nf1 Kc5 31.Rb7 Rxc4 32.Rxf7 Rd1 33.g3 Rcc1 34.Rc7+ Kd4 35.Rd7+ Ke4
36.Rxd1 Rxd1 37.Kg2 Kd3 38.Ne3 Re1 39.Kf3 Rxe3+ 40.fxe3 e5 41.h4 h5 42.g4 e4+  0-1